Soviet wages (Record no. 7095)

MARC details
000 -LEADER
fixed length control field 00524nam a22002057i 4500
001 - CONTROL NUMBER
control field 8482
003 - CONTROL NUMBER IDENTIFIER
control field OSt
005 - DATE AND TIME OF LATEST TRANSACTION
control field 20170126082411.0
007 - PHYSICAL DESCRIPTION FIXED FIELD--GENERAL INFORMATION
fixed length control field tu
008 - FIXED-LENGTH DATA ELEMENTS--GENERAL INFORMATION
fixed length control field 161220s1972 xxu||||| |||| 00| 0 d
020 ## - INTERNATIONAL STANDARD BOOK NUMBER
International Standard Book Number 0-262-11045-8
024 7# - OTHER STANDARD IDENTIFIER
Standard number or code 8482
Source of number or code RID
040 ## - CATALOGING SOURCE
Transcribing agency OSt
100 1# - MAIN ENTRY--PERSONAL NAME
Personal name Kirsch, Leonhard Joel
245 00 - TITLE STATEMENT
Title Soviet wages
Remainder of title Changes in structure and administration since 1956
260 ## - PUBLICATION, DISTRIBUTION, ETC.
Place of publication, distribution, etc. Massachusetts :
Name of publisher, distributor, etc. Massachusetts Inst. of Technology,
Date of publication, distribution, etc. 1972.
300 ## - PHYSICAL DESCRIPTION
Extent XII, 237 S.
651 ## - SUBJECT ADDED ENTRY--GEOGRAPHIC NAME
Geographic name Russia
651 ## - SUBJECT ADDED ENTRY--GEOGRAPHIC NAME
Geographic name Soviet Union
942 ## - ADDED ENTRY ELEMENTS (KOHA)
Koha item type Book
Holdings
Withdrawn status Lost status Damaged status Not for loan Home library Current library Shelving location Date acquired Inventory number Total Checkouts Full call number Barcode Date last seen Price effective from Koha item type
        WIIW WIIW Souterrain 08/22/2013 8482   I-46 10005765 01/26/2017 01/26/2017 Book
The Vienna Instiute for International Economic Studies (wiiw)